00419nam a2200181Ia 4500008004000000041000800040082001200048100001400060245005200074260004200126650000800168650001200176650000700188650001200195650001000207650001000217650001000227210210b1923 xxu||||| |||| 00| 0 eng d aeng a824/137 aGUPPY (H) aBrief summary of the history of the first folio aOxfordbAt the University Pressc1923 athe asummary aof ahistory afolio afirst aBrief